[Event "Challenge"]
[Site "http://www.queenalice.com/game.php?id=1305679"]
[Date "2014.9.2"]
[Round "-"]
[White "ORNELAS"]
[Black "uji40"]
[Result "1-0"]
[WhiteElo "1727"]
[BlackElo "1747"]

1. e4 e5 2. Nf3 Nc6 3. c3 Nf6 4. d3 d5 5. Bg5 Be7 6. exd5 Nxd5 7. Bxe7 Qxe7 8.
a3 O-O 9. c4 Nf6 10. b4 Bg4 11. Be2 h6 12. O-O Rad8 13. Nbd2 Rfe8 14. Nh4 Qd7
15. Bxg4 Nxg4 16. Ndf3 Qxd3 17. Qc1 Qd7 18. h3 Nf6 19. Re1 g5 20. Nxg5 Kh8 21.
Ngf3 Rg8 22. Qxh6+ Nh7 23. Qh5 Rde8 24. Nf5 Rg6 25. b5 Na5 26. Nxe5 Qe6 27.
Nxg6+ Kg8 28. Rxe6 Rxe6 29. Nh6+ Kg7 30. Nf4 Rxh6 31. Qe5+ Rf6 32. Nh5+ Kg6 33.
Nxf6 Nxf6 34. Qxc7 b6 35. Qxa7 Nxc4 36. a4 1-0

[Event "Bategoll"]
[Site "http://www.queenalice.com/game.php?id=1309332"]
[Date "2014.9.19"]
[Round "2"]
[White "Equiferus"]
[Black "uji40"]
[Result "1-0"]
[WhiteElo "1784"]
[BlackElo "1730"]

1. Nf3 Nf6 2. g3 d5 3. d4 Nc6 4. Nc3 Bg4 5. Bg2 Bf5 6. Ne5 Nb4 7. Nd3 Nc6 8. Ne5
Nb4 9. Nd3 Nc6 10. O-O Qd7 11. Nc5 Qc8 12. Bg5 Nb4 13. e4 dxe4 14. N5xe4 h6 15.
Bxf6 gxf6 16. a3 Nc6 17. d5 Na5 18. Qe2 Qd7 19. b4 Bxe4 20. Bxe4 f5 21. Bg2 Bg7
22. Qe3 Nc4 23. Qd3 Nb6 24. a4 O-O-O 25. a5 Bxc3 26. Qxc3 Nxd5 27. Qc5 Nf6 28.
Qxa7 Qb5 29. a6 bxa6 30. Rxa6 Qxb4 31. Qa8+ Kd7 32. Qc6+ 1-0

[Event "Challenge"]
[Site "http://www.queenalice.com/game.php?id=1309931"]
[Date "2014.9.23"]
[Round "-"]
[White "uji40"]
[Black "Gadou"]
[Result "1-0"]
[WhiteElo "1716"]
[BlackElo "1539"]

1. e4 e5 2. Nf3 d6 3. d4 Qe7 4. d5 h6 5. Be2 c6 6. Nc3 a6 7. O-O g5 8. Re1 Bg7
9. h3 b5 10. Bf1 Nf6 11. a3 g4 12. Nh4 h5 13. Nf5 Bxf5 14. exf5 e4 15. Qe2 Nxd5
16. Nxd5 cxd5 17. Rd1 d4 18. Rb1 Nc6 19. Re1 d5 20. b4 d3 21. cxd3 Nd4 22. Qd1
gxh3 23. dxe4 Rc8 24. Bd3 Qg5 25. Bxg5 Be5 26. gxh3 f6 27. Bh4 Rg8+ 28. Kh1 Rc7
29. Rc1 Rxc1 30. Qxc1 Nf3 31. Qc6+ Kf7 32. Qe6+ Kg7 33. Rg1+ Nxg1 34. Kxg1 Kh7+
35. Kf1 dxe4 36. Bxe4 Bd4 37. Qf7+ 1-0

[Event "Yeappee"]
[Site "http://www.queenalice.com/game.php?id=1314852"]
[Date "2014.10.12"]
[Round "1"]
[White "uji40"]
[Black "robertson"]
[Result "1-0"]
[WhiteElo "1725"]
[BlackElo "1828"]

1. e4 e5 2. Nf3 Qf6 3. Nc3 c6 4. d4 d6 5. dxe5 dxe5 6. Bc4 h6 7. O-O Bd6 8. h3
Ne7 9. Nh2 Qg6 10. f4 Rf8 11. f5 Bc5+ 12. Kh1 Qh7 13. Na4 Nd7 14. Nxc5 Nxc5 15.
Re1 Bd7 16. Ng4 f6 17. Qd2 b6 18. a4 Rd8 19. b4 Bxf5 20. exf5 Rxd2 21. Bxd2 Nb7
22. Bd3 h5 23. Nxe5 Kd8 24. Nc4 g6 25. Re2 g5 26. Rae1 Nd5 27. a5 b5 28. Na3 a6
29. Re6 Qc7 30. c3 Nd6 31. Nc2 Nf4 32. R6e3 Nxd3 33. Rxd3 Kc8 34. Nd4 Rf7 35.
Ne6 Qd7 36. Nc5 Qc7 37. Nxa6 Qd8 38. Nc5 Qf8 39. Ra1 Nc4 40. Be1 Nb2 41. Rd4 Nc4
42. a6 Qe8 43. a7 Rxa7 44. Rxa7 Qxe1+ 45. Kh2 Qe5+ 46. Kg1 Nb6 47. Re4 Qxe4 48.
Nxe4 Nd5 49. Rf7 Kd8 50. Nxf6 Nxc3 51. Rd7+ Kc8 52. Rg7 Na2 53. Nxh5 Nxb4 54. f6
1-0

[Event "Challenge"]
[Site "http://www.queenalice.com/game.php?id=1316874"]
[Date "2014.10.21"]
[Round "-"]
[White "roli68"]
[Black "uji40"]
[Result "1-0"]
[WhiteElo "1594"]
[BlackElo "1745"]

1. e4 e5 2. Nh3 Nf6 3. d3 d5 4. Qf3 Bg4 5. Qg3 Bxh3 6. gxh3 Nc6 7. Bg5 Nd4 8.
Qxe5+ Ne6 9. exd5 Bd6 10. Qe2 h6 11. Bh4 g5 12. dxe6 gxh4 13. exf7+ Kxf7 14. Qf3
Qe7+ 15. Kd1 c6 16. d4 Rae8 17. Bd3 Bxh2 18. Qg2 Bf4 19. Qg6+ Kf8 20. Qf5 Qd6
21. c3 Rh7 22. Nd2 Bxd2 23. Kxd2 Kf7 24. Bc4+ Kf8 25. Rhg1 Re4 26. Qc8+ Re8 27.
Qf5 Re4 28. Kc2 b5 29. Bd3 Re6 30. Rae1 Rxe1 31. Rxe1 Re7 32. Rg1 Kf7 33. Qg6+
Kf8 34. Qxh6+ Ke8 35. Qh8+ Kd7 36. Bf5+ Kc7 37. Qc8+ Kb6 38. Bd3 Qf4 39. Qd8+
Qc7 40. Qf8 Rf7 41. Qc5+ Kb7 42. a4 Nd7 43. Qb4 Rxf2+ 44. Kb3 Rh2 45. axb5 Rxb2+
46. Kxb2 Qh2+ 47. Kb3 Qxg1 48. bxc6+ Kxc6 49. Be4+ Kc7 50. Qb7+ Kd6 51. Qc6+ Ke7
52. Bf5 Qb1+ 53. Bxb1 1-0

[Event "Mateuzao_99"]
[Site "http://www.queenalice.com/game.php?id=1321633"]
[Date "2014.11.11"]
[Round "2"]
[White "Rutty"]
[Black "uji40"]
[Result "1-0"]
[WhiteElo "1982"]
[BlackElo "1723"]

1. d4 Nf6 2. c4 g6 3. Nf3 d5 4. cxd5 Nxd5 5. e4 Nb6 6. Nc3 Bg7 7. Bd3 O-O 8. h3
Nc6 9. O-O Nxd4 10. Nxd4 Qxd4 11. Be3 Qe5 12. f4 Qd6 13. e5 Qe6 14. b3 Rd8 15.
Qc2 a6 16. Rac1 Nd5 17. Nxd5 Qxd5 18. Be4 Bf5 19. Bxf5 gxf5 20. Qxf5 e6 21. Qc2
c6 22. Rfd1 Qb5 23. Bc5 Bh6 24. b4 Bxf4 25. Rxd8+ Rxd8 26. Re1 Rd2 27. Qe4 Bh6
28. Qg4+ Kh8 29. Qh5 b6 30. Qxh6 1-0

[Event "Capixaba789"]
[Site "http://www.queenalice.com/game.php?id=1322035"]
[Date "2014.11.14"]
[Round "2"]
[White "uji40"]
[Black "Capixaba789"]
[Result "1/2-1/2"]
[WhiteElo "1717"]
[BlackElo "1866"]

1. e4 e5 2. Nf3 Nf6 3. Nxe5 Bc5 4. Bc4 O-O 5. Nc3 d6 6. d4 dxe5 7. dxc5 Bg4 8.
f3 Bh5 9. O-O Nc6 10. Bg5 Qxd1 11. Nxd1 Nd7 12. f4 Nxc5 13. Nc3 exf4 14. Bxf4
Kh8 15. Bxc7 a6 16. Bb6 Ne6 17. Bxe6 fxe6 18. Na4 Be2 19. Rf2 Rxf2 20. Bxf2 b5
21. Nc5 e5 22. Re1 Bh5 23. c3 Bf7 24. a3 Na5 25. Nd7 Nc4 26. b4 Nxa3 27. Nxe5
Be6 28. Bc5 Nc4 29. Bd4 Nxe5 30. Bxe5 h6 31. h3 Rd8 32. Rc1 Bc4 33. Ra1 Rd2 34.
Rxa6 Re2 35. Bd4 Rxe4 36. Ra8+ Kh7 37. Kh2 1/2-1/2

[Event "Yeappee"]
[Site "http://www.queenalice.com/game.php?id=1327385"]
[Date "2014.12.11"]
[Round "2"]
[White "Janivgm"]
[Black "uji40"]
[Result "1-0"]
[WhiteElo "1972"]
[BlackElo "1723"]

1. d4 Nf6 2. c4 g6 3. Nc3 d5 4. Bg5 dxc4 5. Qa4+ Nc6 6. Qxc4 Nxd4 7. O-O-O e5 8.
e3 Be6 9. Qa4+ Bd7 10. Qc4 Be6 11. Qa4+ Bd7 12. Qa5 Nc6 13. Qb5 a6 14. Qxb7 Bg7
15. g3 O-O 16. Bg2 h6 17. Bxf6 Qxf6 18. Bxc6 Bxc6 19. Ne4 Bxb7 20. Nxf6+ Bxf6
21. f3 Rad8 22. e4 Rxd1+ 23. Kxd1 Rd8+ 24. Kc2 Kg7 25. Ne2 a5 26. a3 Ba6 27. Nc3
Bg5 28. h4 Be3 29. Nd5 Bb6 30. h5 g5 31. Rd1 Rd6 32. Rd2 Be3 33. Nxe3 Rxd2+ 34.
Kxd2 Kf6 35. Nd5+ Kg7 36. Nxc7 Bc8 37. b4 axb4 38. axb4 g4 39. f4 exf4 40. gxf4
Kf6 41. Ke3 g3 42. Kf3 Bb7 43. Nd5+ Ke6 44. Kxg3 f5 45. Kf3 Bc6 46. Ke3 Be8 47.
Nc7+ Kd7 48. Nxe8 Kxe8 49. exf5 1-0

[Event "Bategoll"]
[Site "http://www.queenalice.com/game.php?id=1328964"]
[Date "2014.12.18"]
[Round "3"]
[White "uji40"]
[Black "TomasBlack"]
[Result "0-1"]
[WhiteElo "1710"]
[BlackElo "1862"]

1. e4 c5 2. Nf3 e6 3. e5 d5 4. d4 h6 5. c4 Nc6 6. Bd3 cxd4 7. O-O dxc4 8. Bxc4
Bc5 9. Re1 a6 10. Nbd2 b5 11. Bb3 d3 12. Ne4 Bb4 13. Bd2 Bb7 14. a3 Bxd2 15.
Nexd2 Nd4 16. Ba2 Bxf3 17. Nxf3 Nxf3+ 18. Qxf3 Ne7 19. Rad1 d2 20. Re2 O-O 21.
Rexd2 Qb8 22. b4 Qxe5 23. Bb1 Nf5 24. Bxf5 Qxf5 25. Qxf5 exf5 26. g3 Rac8 27.
Rd6 Rfe8 28. Rxa6 Re2 29. Kg2 Rc3 30. Ra1 Rcc2 31. Rf1 Ra2 32. Ra8+ Kh7 33. Ra5
g5 34. h3 Kg6 35. Ra6+ f6 36. Ra5 g4 37. h4 f4 38. Ra8 f3+ 39. Kg1 f5 40. Rg8+
Kf6 41. Rf8+ Ke5 42. Re8+ Kd4 43. Rd8+ Kc4 44. Rh8 f4 45. gxf4 g3 46. Rxh6 Rxf2
47. Rxf2 Rxf2 48. Rg6 Rg2+ 49. Kf1 Kd3 50. Re6 Kd2 51. h5 Rf2+ 52. Kg1 Re2 53.
Re5 Re1+ 54. Rxe1 Kxe1 55. h6 f2+ 56. Kg2 f1=Q+ 57. Kxg3 Qh1 58. f5 Qxh6 59. Kg4
Qf6 60. Kf4 Kd2 0-1

[Event "FromentPierre"]
[Site "http://www.queenalice.com/game.php?id=1330948"]
[Date "2014.12.27"]
[Round "2"]
[White "Brucybabe"]
[Black "uji40"]
[Result "1-0"]
[WhiteElo "2097"]
[BlackElo "1699"]

1. d4 d5 2. Nf3 Nc6 3. Bf4 f6 4. e3 e5 5. dxe5 fxe5 6. Nxe5 Bd6 7. Bb5 g6 8.
Nxc6 bxc6 9. Bxc6+ Bd7 10. Bxd7+ Qxd7 11. Bxd6 Qxd6 12. O-O Ne7 13. Nd2 O-O 14.
Nf3 h6 15. Qd3 Rab8 16. b3 Qe6 17. h3 c5 18. c4 Rbd8 19. cxd5 Rxd5 20. Qe2 Nc6
21. Rad1 Rfd8 22. Rxd5 Rxd5 23. Rd1 Rxd1+ 24. Qxd1 Nb4 25. Qd8+ Kf7 26. Qa5 a6
27. Qxc5 Nxa2 28. Nd4 Kf6 29. Nxe6 1-0

[Event "Challenge"]
[Site "http://www.queenalice.com/game.php?id=1331901"]
[Date "2014.12.31"]
[Round "-"]
[White "roli68"]
[Black "uji40"]
[Result "1-0"]
[WhiteElo "1658"]
[BlackElo "1717"]

1. e4 e5 2. d4 exd4 3. Qxd4 Nc6 4. Qe3 Nf6 5. f4 Bb4+ 6. c3 Ba5 7. e5 Ng4 8. Qg3
d5 9. h3 Ngxe5 10. fxe5 g6 11. b4 Bb6 12. Na3 a6 13. Nf3 Qe7 14. Bg5 Qe6 15. Nc2
f6 16. Bh6 Bd7 17. a4 Nxe5 18. O-O-O Bxa4 19. Nfd4 Bxd4 20. cxd4 Nf7 21. Re1 Ne5
22. dxe5 f5 23. Qc3 O-O-O 24. Be3 Bc6 25. Nd4 Qe8 26. Bf2 Ba4 27. e6 Qe7 28. Kb2
Rd6 29. Bg3 Rf8 30. Qc5 f4 31. Bf2 Kb8 32. Nb3 b6 33. Qc3 Rxe6 34. Bxa6 Rxe1 35.
Rxe1 Qd7 36. Nd4 Ka7 37. Bd3 Re8 38. Qa3 Kb7 39. b5 Rxe1 40. Bxe1 c5 41. Nc6 c4
42. Qxa4 Qg7+ 43. Bc3 1-0

[Event "Mateuzao_99"]
[Site "http://www.queenalice.com/game.php?id=1342235"]
[Date "2015.2.17"]
[Round "3"]
[White "vinoseco"]
[Black "uji40"]
[Result "0-1"]
[WhiteElo "1624"]
[BlackElo "1697"]

1. e4 e5 2. Nf3 Nc6 3. Bc4 Nf6 4. Nc3 Bc5 5. Ng5 O-O 6. Qf3 h6 7. Nh3 Nd4 8. Qd3
c6 9. Na4 Nxe4 10. Qxe4 d5 11. Qxe5 Re8 12. Qxe8+ Qxe8+ 13. Kd1 Bg4+ 0-1

[Event "Yeappee"]
[Site "http://www.queenalice.com/game.php?id=1351515"]
[Date "2015.4.3"]
[Round "3"]
[White "uji40"]
[Black "papyrusmoon"]
[Result "1-0"]
[WhiteElo "1681"]
[BlackElo "1421"]

1. e4 Nf6 2. e5 Ne4 3. d3 Nc5 4. d4 Nca6 5. Nf3 g6 6. Bc4 d5 7. Bxa6 Nxa6 8. O-O
Bg7 9. Re1 O-O 10. Nc3 Bg4 11. h3 Bf5 12. a3 e6 13. Nh4 Qxh4 14. Re3 Rad8 15.
Bd2 b6 16. Be1 c5 17. f3 Qf4 18. Bf2 cxd4 19. g3 Qh6 20. Qxd4 Bxc2 21. Kg2 Bf5
22. g4 Be4 23. fxe4 dxe4 24. Qxe4 f5 25. gxf5 gxf5 26. Qb7 Nc5 27. Qc6 f4 28.
Rf3 Bxe5 29. Re1 Rc8 30. Qb5 Qg6+ 31. Kh2 Rcd8 32. Rxe5 Rd2 33. Qc6 Qc2 34. Rg5+
Kf7 35. Rxf4+ Ke7 36. Rg7+ Rf7 37. Rfxf7+ Kd8 38. Rg8# 1-0

[Event "Capixaba789"]
[Site "http://www.queenalice.com/game.php?id=1352635"]
[Date "2015.4.9"]
[Round "3"]
[White "uji40"]
[Black "Rutty"]
[Result "0-1"]
[WhiteElo "1687"]
[BlackElo "2135"]

1. e4 e5 2. Nf3 Nc6 3. Bb5 Bc5 4. Bxc6 dxc6 5. c3 Bg4 6. h3 Bxf3 7. Qxf3 Qf6 8.
Qxf6 Nxf6 9. d3 O-O 10. O-O b5 11. Rd1 Rad8 12. Bg5 Be7 13. Be3 c5 14. Na3 a6
15. Nc2 c6 16. Ne1 Nd7 17. d4 cxd4 18. cxd4 exd4 19. Bxd4 c5 20. Be3 c4 21. Rac1
Ne5 22. Rd2 Rxd2 23. Bxd2 Rd8 24. Bc3 Nd3 25. Nxd3 Rxd3 26. Re1 f6 27. e5 Kf7
28. a3 Bxa3 29. exf6 Bf8 30. fxg7 Bxg7 31. Bxg7 Kxg7 32. Re7+ Kg8 33. Re8+ Kf7
34. Ra8 Rd6 35. Ra7+ Kg6 36. Kh2 b4 37. Rb7 a5 38. f3 h5 39. Ra7 Rd2 40. Rxa5
Rxb2 41. h4 c3 42. Ra6+ Kf5 43. Kh3 c2 44. Kg3 c1=Q 45. Ra5+ Kg6 46. Ra6+ Kf7
47. Ra7+ Ke6 48. Ra6+ Kd7 49. Ra7+ Kc6 50. Ra6+ Kb7 51. Re6 Qc7+ 52. Kh3 Qd7 0-1

[Event "FromentPierre"]
[Site "http://www.queenalice.com/game.php?id=1352792"]
[Date "2015.4.10"]
[Round "3"]
[White "uji40"]
[Black "El_Montes"]
[Result "0-1"]
[WhiteElo "1700"]
[BlackElo "1626"]

1. e4 e5 2. Nf3 Nc6 3. Bb5 Qf6 4. Nc3 Nd4 5. Bc4 Bc5 6. Nd5 Qc6 7. Nxe5 Qd6 8.
f4 Ne6 9. d3 Ne7 10. c3 Nxf4 11. Nxf7 Nxg2+ 12. Ke2 Kxf7 13. Ne3+ Ke8 14. Nxg2
Ng6 15. Kd2 Rf8 16. Rf1 Qxh2 17. Qe2 Nf4 18. Nxf4 Qxe2+ 19. Kxe2 d6 20. Nd5 Bg4+
21. Kd2 Kd7 22. b4 Rxf1 23. Bb2 Rf2+ 24. Ke1 Rxb2 25. d4 c6 26. Ne3 Bf3 27. dxc5
dxc5 28. bxc5 Re8 29. Bd3 Rh2 30. Rb1 Rh1+ 31. Kf2 Rh3 32. Rxb7+ Kc8 33. Rxa7
Bxe4 34. Ra8+ Kd7 35. Rxe8 Kxe8 36. Bxe4 Rh5 37. Nf5 Rh2+ 38. Kg3 Rxa2 39. Nxg7+
Kf7 40. Nf5 Ra4 41. Nd6+ Kg7 42. c4 h5 43. Bxc6 Ra5 44. Nb7 Ra3+ 45. Kh4 Kh6 46.
Be8 Rd3 47. c6 Rd4+ 48. Kh3 Rxc4 49. Nd6 Rc5 50. Nf5+ Rxf5 51. c7 Rc5 0-1

[Event "Yeappee"]
[Site "http://www.queenalice.com/game.php?id=1362214"]
[Date "2015.5.28"]
[Round "4"]
[White "cyrano"]
[Black "uji40"]
[Result "0-1"]
[WhiteElo "1691"]
[BlackElo "1685"]

1. e4 e5 2. d4 exd4 3. f4 Nc6 4. e5 d6 5. exd6 Qxd6 6. a3 Nf6 7. Qe2+ Be7 8. Nf3
Bg4 9. h3 Bh5 10. g4 Bxg4 11. hxg4 O-O 12. g5 Nd5 13. Qe4 f5 14. Qe2 Rae8 15.
Kd1 Bxg5 16. Qh2 Bh6 17. Nh4 Bxf4 18. Bxf4 Nxf4 19. Nxf5 Rxf5 20. Qxh7+ Kf7 21.
Qxf5+ Ke7 22. Qg5+ Kd7 23. Qxg7+ Kd8 24. Qg5+ Kc8 25. Bh3+ Kb8 26. Bf5 Qe5 27.
Qh5 Nxh5 28. Bg6 Qe2+ 29. Kc1 Qe3+ 30. Kd1 Qf3+ 31. Kc1 Qxh1+ 32. Kd2 Qe1+ 33.
Kd3 Qe2# 0-1

[Event "FromentPierre"]
[Site "http://www.queenalice.com/game.php?id=1371056"]
[Date "2015.7.11"]
[Round "4"]
[White "robertson"]
[Black "uji40"]
[Result "0-1"]
[WhiteElo "1905"]
[BlackElo "1701"]

1. e4 e5 2. Nf3 Nc6 3. c3 Nf6 4. Ng5 h6 5. Nh3 d5 6. Qf3 Nxe4 7. d3 Nf6 8. a3
Be6 9. Qd1 Qd7 10. Nd2 Bd6 11. Ng1 O-O 12. h3 Rfe8 13. Qc2 e4 14. Nb3 d4 15.
cxd4 exd3 16. Qb1 Bxb3+ 17. Be3 Rxe3+ 18. fxe3 Bg3+ 19. Kd2 Ne4+ 20. Kxd3 Ne5+
0-1

[Event "Capixaba789"]
[Site "http://www.queenalice.com/game.php?id=1375147"]
[Date "2015.8.2"]
[Round "4"]
[White "uji40"]
[Black "Strogonoff"]
[Result "1-0"]
[WhiteElo "1725"]
[BlackElo "1994"]

1. e4 e5 2. Nf3 Nc6 3. Bb5 d6 4. d4 exd4 5. Nxd4 Ne7 6. Nc3 a6 7. Nxc6 Nxc6 8.
Bxc6+ bxc6 9. O-O g6 10. Re1 Bg7 11. f4 O-O 12. Be3 Bb7 13. Rf1 d5 14. Na4 dxe4
15. Qxd8 Rfxd8 16. Nc5 Bc8 17. c3 f5 18. Rad1 Rxd1 19. Rxd1 Bf6 20. Nd7 Be7 21.
Ne5 Bb7 22. Rd7 Bd6 23. Nf7 Bc8 24. Nh6+ Kf8 25. Rxh7 Be6 26. Rh8+ Ke7 27. Rxa8
Bxa2 28. Rxa6 Bc4 29. Rxc6 Bb5 30. Rc5 Bxc5 31. Bxc5+ Ke6 32. Be3 Kd5 33. Nf7
Ke6 34. Nd8+ Ke7 35. Nb7 Ba6 36. Nc5 Bc4 37. Kf2 Kd6 38. h4 Ke7 39. Bd4 Bd5 40.
Ke3 Kd6 41. Na6 c6 42. Be5+ Kd7 43. g3 Ke7 44. Nb4 Kd7 45. Nxd5 cxd5 46. b4 Kc6
47. Kd4 Kd7 48. b5 Kc8 49. Kxd5 e3 50. Kc6 e2 51. b6 e1=Q 52. b7+ Kd8 53. b8=Q+
Ke7 54. Bd6+ 1-0

[Event "FromentPierre"]
[Site "http://www.queenalice.com/game.php?id=1388256"]
[Date "2015.10.9"]
[Round "5"]
[White "uji40"]
[Black "Paulsains"]
[Result "1-0"]
[WhiteElo "1752"]
[BlackElo "1922"]

1. e4 e5 2. d4 exd4 3. c3 dxc3 4. Bc4 cxb2 5. Bxb2 Bb4+ 6. Kf1 d6 7. Bxg7 Qe7 8.
Bxh8 Qxe4 9. Bd3 Qe7 10. Nc3 f6 11. Nd5 1-0

[Event "Challenge"]
[Site "http://www.queenalice.com/game.php?id=1395171"]
[Date "2015.11.20"]
[Round "-"]
[White "uji40"]
[Black "JORAM2205"]
[Result "1-0"]
[WhiteElo "1796"]
[BlackElo "1768"]

1. e4 e5 2. Nf3 d6 3. d4 Qe7 4. Nc3 Nf6 5. Bc4 h6 6. d5 Ng4 7. h3 Nf6 8. O-O a6
9. Re1 Bd7 10. a4 g5 11. Nh2 Bg7 12. b3 O-O 13. Nf1 a5 14. Ng3 c6 15. Be3 c5 16.
Bb5 Bc8 17. Nf5 Bxf5 18. exf5 e4 19. Qd2 b6 20. Rab1 Qe5 21. f4 gxf4 22. Bxf4
Qxf5 23. Rf1 Qg6 24. Bxd6 Rd8 25. Bh2 Bf8 26. Rfe1 Ra7 27. Nxe4 Re7 28. Re3 Nxe4
29. Qd3 Re5 30. Bxe5 f5 31. Rf1 Nd7 32. Bxd7 Rxd7 33. Ref3 Rf7 34. Rf4 h5 35.
Bb2 Bh6 36. Qa6 Bxf4 37. Rxf4 Qg3 38. Qc8+ Rf8 39. Qe6+ Rf7 40. Rg4+ hxg4 41.
hxg4 Qxg4 42. Qc8+ Kh7 43. Qh8+ Kg6 44. Qg8+ Kh5 45. Qxf7+ Kh4 46. Qh7+ Kg3 47.
Qh2# 1-0

[Event "OS INCLIVES"]
[Site "http://www.queenalice.com/game.php?id=1399930"]
[Date "2015.12.22"]
[Round "-"]
[White "adelio"]
[Black "uji40"]
[Result "1-0"]
[WhiteElo "1720"]
[BlackElo "1811"]

1. d4 Nf6 2. c4 g6 3. Nc3 d5 4. e3 Bg7 5. Be2 O-O 6. h4 c6 7. g4 h6 8. Nh3 Nh7
9. e4 Bxd4 10. Qxd4 g5 11. hxg5 Re8 12. Bf4 e5 13. Bxe5 c5 14. Qxd5 Qxd5 15.
Nxd5 Na6 16. gxh6 Rxe5 17. Bd3 Bxg4 18. Rg1 Nb4 19. Rxg4+ Kf8 20. Kd2 Nxd5 21.
exd5 Rd8 22. Bxh7 Ke7 23. Re1 Kd6 24. Ng5 Rf8 25. Bg8 Rxe1 26. Nxf7+ Rxf7 27.
Bxf7 Rh1 28. Rg6+ Ke7 29. Be6 Rh2 30. Ke3 Rh4 31. f4 Rh3+ 32. Bxh3 1-0

[Event "OS INCLIVES"]
[Site "http://www.queenalice.com/game.php?id=1399931"]
[Date "2015.12.22"]
[Round "-"]
[White "uji40"]
[Black "adelio"]
[Result "1-0"]
[WhiteElo "1791"]
[BlackElo "1700"]

1. e4 a6 2. d4 c5 3. Nf3 d6 4. dxc5 Nc6 5. Bf4 dxc5 6. Qxd8+ Nxd8 7. Nc3 e6 8.
O-O-O Be7 9. Kb1 Nc6 10. a3 Na5 11. Be2 c4 12. Bc7 Nb3 13. cxb3 cxb3 14. Rd2 b5
15. Ba5 Bb7 16. Ne5 Nf6 17. Rhd1 Nxe4 18. Nxe4 Bxe4+ 19. Ka1 Rc8 20. Bb4 Bc2 21.
Rc1 Bf6 22. f4 g5 23. g3 h6 24. Bh5 Rc7 25. Bxf7+ Rxf7 26. Nxf7 Kxf7 27. g4 gxf4
28. Rd6 Ra8 29. Ba5 b4 30. Bxb4 a5 31. Bd2 e5 32. Rd7+ Kg6 33. Rh1 Be4 34. Rc1
Bc2 35. Rd6 Kf7 36. Rb6 Ra7 37. Rh1 Be4 38. Rg1 f3 39. Be3 Rc7 40. Bf2 Rc2 41.
Bg3 Rg2 42. Rxg2 fxg2 43. Bf2 Kg6 44. Rxb3 a4 45. Rb4 Bc2 46. Rc4 Bb3 47. Rc1 e4
48. Rg1 e3 49. Bxe3 Bd5 50. Rd1 Bf3 51. Rd6 Bxg4 52. Bd4 Kf5 53. Rxf6+ Ke4 54.
Bg1 h5 55. Rh6 Kf5 56. Kb1 Kg5 57. Ra6 Bd1 58. Ra5+ Kf4 59. Kc1 Bg4 60. Rxa4+
Kf3 61. Kd2 h4 62. Be3 h3 63. Rf4# 1-0

[Event "Challenge"]
[Site "http://www.queenalice.com/game.php?id=1403325"]
[Date "2016.1.9"]
[Round "-"]
[White "Wolle"]
[Black "uji40"]
[Result "1-0"]
[WhiteElo "1786"]
[BlackElo "1803"]

1. d4 d5 2. Nf3 Nf6 3. e3 Bg4 4. Bb5+ c6 5. Ba4 b5 6. Bb3 a5 7. c3 e6 8. O-O
Nbd7 9. c4 bxc4 10. Ba4 Qc7 11. Nc3 Be7 12. b3 O-O 13. bxc4 e5 14. Qc2 e4 15.
Nd2 Rab8 16. Rb1 Rb4 17. a3 Rb7 18. cxd5 cxd5 19. Rb5 Rfb8 20. Nxd5 Qxc2 21.
Nxe7+ Kf8 22. Bxc2 Rxb5 23. Nc6 Rc8 24. Na7 Rxc2 25. Nxb5 Ra2 26. Nc3 Rc2 27.
Ncxe4 Nxe4 28. Nxe4 Nb6 29. h3 Be2 30. Re1 Bd3 31. Nc5 Bc4 32. e4 Re2 33. Rxe2
Bxe2 34. f4 Nc4 35. e5 Nb6 36. Bd2 a4 37. Kf2 Bd1 38. Bb4 Kg8 39. Ke3 Bb3 40.
Kd2 Nc4+ 41. Kc3 Ne3 42. g3 Nd1+ 43. Kd2 Nf2 44. Nxb3 axb3 45. Kc3 b2 46. Kxb2
Nd3+ 47. Kc3 Nxb4 48. axb4 Kf8 49. d5 Ke8 50. d6 Kd7 51. Kc4 Kc6 52. b5+ Kd7 53.
Kc5 1-0

[Event "Challenge"]
[Site "http://www.queenalice.com/game.php?id=1410297"]
[Date "2016.2.20"]
[Round "-"]
[White "uji40"]
[Black "Wolle"]
[Result "0-1"]
[WhiteElo "1786"]
[BlackElo "1816"]

1. e4 e5 2. Nf3 Nc6 3. Bb5 a6 4. Bxc6 bxc6 5. d4 Nf6 6. Nxe5 Nxe4 7. O-O c5 8.
c3 Bb7 9. Re1 Nf6 10. a4 Be7 11. dxc5 O-O 12. b4 a5 13. h3 d6 14. cxd6 Bxd6 15.
Bf4 axb4 16. cxb4 Bxb4 17. Qxd8 Rfxd8 18. Na3 Bxe1 19. Rxe1 Rxa4 20. Bc1 c5 21.
Nac4 h6 22. Kh2 Ne4 23. f4 f6 24. Ng6 Rxc4 25. Ne7+ Kf7 26. Nf5 Rd7 27. Bb2 Nf2
28. Re3 Nd3 29. Ba3 Nxf4 30. Rg3 Rc2 31. Rxg7+ Ke6 32. Rxd7 Kxd7 33. Kg3 Nxg2
34. Kg4 Rc3 35. Nxh6 Rxa3 0-1